Léxico representativo del Guidismo y del escultismo en Costa Rica

Gespeichert in:
Bibliographische Detailangaben
1. Verfasser: Herrera Morera, Gisselle
Format: Buch
Sprache:Undetermined
Veröffentlicht: San José, Costa Rica Escuela de Filología, Lingüística y Literatura,Universidad de Costa Rica 1991
Schlagworte:
Tags: Tag hinzufügen
Keine Tags, Fügen Sie den ersten Tag hinzu!

MARC

LEADER 00000nam a2200000Ia 4500
008 170316s9999 xx 000 0 und d
040 |a cru BVZT 
090 |a Tesis 440 
100 |a Herrera Morera, Gisselle 
245 |a Léxico representativo del Guidismo y del escultismo en Costa Rica 
260 |a San José, Costa Rica 
260 |b Escuela de Filología, Lingüística y Literatura,Universidad de Costa Rica 
260 |c 1991 
300 |a 121 páginas 
650 |a LICENCIATURA EN LINGÜÍSTICA 
650 |a TRABAJO FINAL DE GRADUACIÓN 
999 |c 14082  |d 14082 
942 |c TFG  |h Tesis 440  |2 z